Bảy bước tới mùa hè : Truyện dài

Guardat en:
Dades bibliogràfiques
Autor principal: Nguyễn, Nhật Ánh
Format: Llibre
Idioma:Undetermined
Publicat: Thành phố Hồ Chí Minh Trẻ 2016
Matèries:
Etiquetes: Afegir etiqueta
Sense etiquetes, Sigues el primer a etiquetar aquest registre!
Thư viện lưu trữ: Trung tâm Học liệu Trường Đại học Cần Thơ
LEADER 00654nam a2200217Ia 4500
001 CTU_207528
008 210402s9999 xx 000 0 und d
020 |c 99000 
082 |a 895.922334 
082 |b A107 
100 |a Nguyễn, Nhật Ánh 
245 0 |a Bảy bước tới mùa hè : 
245 0 |b Truyện dài 
245 0 |c Nguyễn Nhật Ánh 
260 |a Thành phố Hồ Chí Minh 
260 |b Trẻ 
260 |c 2016 
650 |a Vietnamese literature,Văn học Việt Nam 
650 |y 20th century,Thế kỷ 21 
904 |i Tuyến 
980 |a Trung tâm Học liệu Trường Đại học Cần Thơ